Carregando...
Back to basics planning
| Autor principal: | |
|---|---|
| Outros Autores: | |
| Formato: | Printed Book |
| Idioma: | English |
| Publicado em: |
Bombay
Jaico
1985
|
| LEADER | 00570nam a22001817a 4500 | ||
|---|---|---|---|
| 005 | 20151215125151.0 | ||
| 008 | 091105t xxu||||| |||| 00| 0 eng d | ||
| 082 | |a 658.401 2 |b PAR | ||
| 100 | |a Parson, Mary Jean |9 7496 | ||
| 245 | |a Back to basics |b planning | ||
| 300 | |a xiv, 159p. | ||
| 700 | |a Culligan, Matthew J. |9 7495 | ||
| 942 | |c BK |6 _ | ||
| 260 | |a Bombay |b Jaico |c 1985 | ||
| 500 | |a Including index | ||
| 020 | |a 8172242824 | ||
| 999 | |c 98583 |d 98583 | ||
| 952 | |0 0 |1 0 |2 ddc |4 0 |6 658401_2PAR |7 0 |9 124215 |a SMS |b SMS |c GEN |d 2009-11-05 |o 658.401 2 PAR |p SMS018421 |r 2009-11-05 |w 2009-11-05 |y BK | ||